Ética y salud: un enfoque ético para trabajadores de la salud (Registro nro. 4986)
[ vista simple ]
| 000 -Cabecera | |
|---|---|
| Campo de control de longitud fija | 00850aam a2200337 4500 |
| 005 - Fecha y hora de la última transacción | |
| Campo de control | 20241002183600.0 |
| 008 - Elementos de longitud fija--Información general | |
| Campo de control de longitud fija | 150424b2013 CR ||||| |||| 00| 0 spa d |
| 020 ## - International Standard Book Number | |
| Número Internacional Estándar del Libro (ISBN) | 9977649286 |
| 041 ## - Idioma | |
| Código de idioma | Español |
| 082 ## - Clasificación Decimal Dewey | |
| Número de clasificación | 174.957 V184e |
| 100 ## - Entrada principal--Autor personal | |
| Nombre personal | Valverde Brenes, Francisco J. |
| 245 ## - Título propiamente dicho | |
| Título | Ética y salud: un enfoque ético para trabajadores de la salud |
| 260 ## - Pie de imprenta | |
| Lugar de publicación, distribución, etc. | Costa Rica |
| 260 ## - Pie de imprenta | |
| Nombre del editor, distribuidor, etc. | EUNED |
| 260 ## - Pie de imprenta | |
| Fecha de publicación, distribución, etc. | 2013 |
| 300 ## - Descripción física | |
| Extensión | 228 páginas |
| 650 ## - Materia general | |
| Temática (materia general) | ÉTICA MÉDICA |
| 650 ## - Materia general | |
| Temática (materia general) | BIOÉTICA |
| 650 ## - Materia general | |
| Temática (materia general) | ABORTO |
| 650 ## - Materia general | |
| Temática (materia general) | EUTANASIA |
| 650 ## - Materia general | |
| Temática (materia general) | INGENIERÍA GENÉTICA |
| 650 ## - Materia general | |
| Temática (materia general) | FECUNDACIÓN IN VITRO |
| 650 ## - Materia general | |
| Temática (materia general) | TRANSPLANTE DE ÓRGANOS |
| 650 ## - Materia general | |
| Temática (materia general) | EUGENESIA |
| 650 ## - Materia general | |
| Temática (materia general) | DROGAS |
| 650 ## - Materia general | |
| Temática (materia general) | SUICIDIO |
| 650 ## - Materia general | |
| Temática (materia general) | SENECTUD |
| 650 ## - Materia general | |
| Temática (materia general) | MALA PRAXIS |
| 650 ## - Materia general | |
| Temática (materia general) | DERECHOS DEL PACIENTE |
| 942 ## - Punto de acceso adicional KOHA | |
| Tipo de ítem KOHA | Libro |
| Fuente del sistema de clasificación o colocación | Dewey Decimal Classification |
| Signatura completa | Código de barras | Tipo de ítem |
|---|---|---|
| 174.957 V184e | 19416 | Libro |